Statistics: uncertainty and behavior

Guardat en:
Dades bibliogràfiques
Autor principal: Savage, I. Richard (Autor)
Format: Llibre
Idioma:anglès
Publicat: Nueva York Houghton Mifflin 1968
Matèries:
Etiquetes: Afegir etiqueta
Sense etiquetes, Sigues el primer a etiquetar aquest registre!

MARC

LEADER 00000nam a2200000 a 4500
001 UCP2296
003 CL-VaPUC
008 990507e19680000US |||||||||||||||||eng|d
082 0 4 |a 519.2  |b SAV  |2 21 
100 0 |a Savage, I. Richard  |e author  |9 428939 
245 1 0 |a Statistics: uncertainty and behavior 
300 |a 344 p 
942 |c BK 
945 |d 19990507 00:00:00  |a crobeson 
260 |a Nueva York  |b Houghton Mifflin  |c 1968 
650 0 |a Teoría de probabilidades   |9 336944 
650 0 |a Variables aleatorias   |9 270745 
650 0 |a Estimación de parámetros  |9 344394 
650 7 |a INTERVALOS DE CONFIANZA  |2 CL-VaPUC  |9 424892 
583 |a last modification  |c 19990507 00:00:00  |k Rodrigo Vera 
999 |c 280849  |d 280847 
952 |0 0  |1 0  |4 0  |6 519_200000000000000_SAV_1968  |7 0  |8 A  |9 321363  |a BIBGIM  |b BIBGIM  |d 2019-11-20  |i 1345532  |o 519.2 SAV 1968  |p 1345532  |r 2025-01-15  |w 2019-11-20  |y BK  |k EST